5HLuxD.jpg

KING HENRY VIII SENIOR AND PRIMARY SCHOOL LIBRARY OPAC

Tales from a not-so-happily ever after / (Record no. 3192)

000 -LEADER
fixed length control field 01509cam a2200385 4500
001 - CONTROL NUMBER
control field 350743
003 - CONTROL NUMBER IDENTIFIER
control field OSt
005 - DATE AND TIME OF LATEST TRANSACTION
control field 20231101094824.0
008 - FIXED-LENGTH DATA ELEMENTS--GENERAL INFORMATION
fixed length control field 221003s2014 nyua c 000 1 eng d
020 ## - INTERNATIONAL STANDARD BOOK NUMBER
International Standard Book Number 9781481421843 :
Qualifying information (hbk.) :
035 ## - SYSTEM CONTROL NUMBER
System control number (OCoLC)889950017
040 ## - CATALOGING SOURCE
Original cataloging agency HQD
Language of cataloging eng
Transcribing agency HQD
Modifying agency OCLCO
-- YDXCP
-- SINLB
-- OCLCO
-- CGP
-- OCLCO
-- BKL
-- ZHB
-- VP@
-- IHI
-- OCLCF
-- OCLCQ
-- OCLCO
-- KH8
042 ## - AUTHENTICATION CODE
Authentication code nbic
082 0# - DEWEY DECIMAL CLASSIFICATION NUMBER
Classification number FIC RUS
100 1# - MAIN ENTRY--PERSONAL NAME
Personal name Russell, Rachel Renée,
Relator term aut.
245 10 - TITLE STATEMENT
Title Tales from a not-so-happily ever after /
Statement of responsibility, etc. Rachel Renée Russell with Nikki Russell and Erin Russell.
250 ## - EDITION STATEMENT
Edition statement 1st Aladdin hardcover ed.
260 ## - PUBLICATION, DISTRIBUTION, ETC.
Place of publication, distribution, etc. New York :
Name of publisher, distributor, etc. Aladdin,
Date of publication, distribution, etc. 2014.
300 ## - PHYSICAL DESCRIPTION
Extent 295 p. :
Other physical details ill. ;
Dimensions 21 cm.
490 1# - SERIES STATEMENT
Series statement Dork diaries ;
Volume/sequential designation 8.
520 ## - SUMMARY, ETC.
Summary, etc. A bump on the head suffered during gym class causes middle school drama queen Nikki Maxwell to have a crazy dream where all of her acquaintances assume the roles of familiar fairy tale characters.
521 1# - TARGET AUDIENCE NOTE
Target audience note Ages 9-13.
521 2# - TARGET AUDIENCE NOTE
Target audience note Middle grade.
650 #0 - SUBJECT ADDED ENTRY--TOPICAL TERM
Topical term or geographic name entry element Middle schools
Form subdivision Juvenile fiction.
650 #0 - SUBJECT ADDED ENTRY--TOPICAL TERM
Topical term or geographic name entry element Schools
Form subdivision Juvenile fiction.
650 #0 - SUBJECT ADDED ENTRY--TOPICAL TERM
Topical term or geographic name entry element Diaries
Form subdivision Juvenile fiction.
650 #0 - SUBJECT ADDED ENTRY--TOPICAL TERM
Topical term or geographic name entry element Fairy tales
Form subdivision Juvenile fiction.
650 #0 - SUBJECT ADDED ENTRY--TOPICAL TERM
Topical term or geographic name entry element Dreams
Form subdivision Juvenile fiction.
650 #0 - SUBJECT ADDED ENTRY--TOPICAL TERM
Topical term or geographic name entry element Characters and characteristics in literature
Form subdivision Juvenile fiction.
655 #7 - INDEX TERM--GENRE/FORM
Genre/form data or focus term Humorous fiction.
Source of term gsafd.
700 1# - ADDED ENTRY--PERSONAL NAME
Personal name Russell, Nikki,
Relator term aut.
700 1# - ADDED ENTRY--PERSONAL NAME
Personal name Russell, Erin,
Relator term aut.
800 1# - SERIES ADDED ENTRY--PERSONAL NAME
Personal name Russell, Rachel Renée.
Title of a work Dork diaries ;
Volume/sequential designation 8.
942 ## - ADDED ENTRY ELEMENTS (KOHA)
Source of classification or shelving scheme
Koha item type Books - Fiction
Holdings
Withdrawn status Lost status Source of classification or shelving scheme Damaged status Not for loan Collection code Permanent Location Current Location Shelving location Date acquired Total Checkouts Total Renewals Full call number Barcode Date last seen Date last checked out Price effective from Koha item type
          Fiction KH8 Primary School Library KH8 Primary School Library Fiction 2023-11-01 9 3 FIC RUS KHPL000004336 2025-12-05 2024-05-14 2023-11-01 Books - Fiction

Powered By KH8 IT Dept